A competitive Assessment of the U.S. Civil aircraft Industry

保存先:
書誌詳細
団体著者: U.S. Department of Commerce
フォーマット: 図書
言語:Undetermined
出版事項: Boulder and London Westview Press 1986
主題:
タグ: タグ追加
タグなし, このレコードへの初めてのタグを付けませんか!
Thư viện lưu trữ: Trung tâm Học liệu Trường Đại học Cần Thơ
LEADER 00639nam a2200205Ia 4500
001 CTU_99373
008 210402s9999 xx 000 0 und d
082 |a 629.4 
082 |b U58 
110 |a U.S. Department of Commerce 
245 2 |a A competitive Assessment of the U.S. Civil aircraft Industry 
245 0 |c U.S. Department of Commerce 
260 |a Boulder and London 
260 |b Westview Press 
260 |c 1986 
650 |a Outer space,Engineering of unmanned spacecraft 
650 |x Economic aspects 
904 |i Năm 
910 |a Sửa Cutter thành U58 
980 |a Trung tâm Học liệu Trường Đại học Cần Thơ